Clínica oftamológica (Record no. 40726)

MARC details
000 -LEADER
campo de control de longitud fija 01234nam a2200229 i 4500
001 - NÚMERO DE CONTROL
campo de control 40726
003 - IDENTIFICADOR DE NÚMERO DE CONTROL
campo de control ES-MaACL
005 - FECHA Y HORA DE LA ÚLTIMA TRANSACCIÓN
campo de control 20250820063029.0
007 - CAMPO FIJO DE DESCRIPCIÓN FÍSICA--INFORMACIÓN GENERAL
campo de control de longitud fija t|
008 - DATOS DE LONGITUD FIJA--INFORMACIÓN GENERAL
campo de control de longitud fija 030306s1878 sp ||||1| spa d
100 1# - ENTRADA PRINCIPAL--NOMBRE DE PERSONA
Nombre de persona Carreras y Aragó, Luis,
Fechas asociadas al nombre 1835-1907
9 (RLIN) 35685
245 10 - MENCIÓN DEL TÍTULO
Título Clínica oftamológica
Resto del título : reseña estadística de 1875 y de 1876, con una serie de observaciones clínicas notables seguidas de una memoria sobre el criterio médico-quirúrgico para la aplicación de la iridectomia en el glaucoma /
Mención de responsabilidad, etc. por el Dr. D. Luis Carreras y Aragó ; ilustrada con cuatro cromo-litografías y varios grabados intercalados, copias del natural, por el Sr. de Vilallonga.
260 ## - PUBLICACIÓN, DISTRIBUCIÓN, ETC.
Lugar de publicación, distribución, etc. Barcelona :
Nombre del editor, distribuidor, etc. [s.n.],
Fecha de publicación, distribución, etc. 1878 (
Fabricante Estab. Tip. de Narciso Ramírez y Cª)
300 ## - DESCRIPCIÓN FÍSICA
Extensión 209 p., 4 h. de lám. col. :
Otras características físicas il. ;
Dimensiones 23 cm.
530 ## - NOTA DISPONIBLE DE FORMULARIO FÍSICO ADICIONAL
Nota de formato físico adicional disponible Disponible en formato digital.
650 04 - PUNTO DE ACCESO ADICIONAL DE MATERIA--TÉRMINO DE MATERIA
Término de materia o nombre geográfico como elemento de entrada Oftalmología.
9 (RLIN) 15693
650 #4 - PUNTO DE ACCESO ADICIONAL DE MATERIA--TÉRMINO DE MATERIA
Término de materia o nombre geográfico como elemento de entrada Glaucoma-
Subdivisión general Cirugía.
9 (RLIN) 139312
700 1# - ENTRADA AGREGADA--NOMBRE PERSONAL
Nombre de persona Vilallonga Velasco, Ricardo de.
9 (RLIN) 171732
852 ## - LOCALIZACIÓN
Ubicación ES-MaACL
Número de control de estantería T-667-F-7
Nota libre - Dedicatoria autógrafa del autor a Gustavo Sáenz Díez
856 ## - LOCALIZACIÓN Y ACCESO ELECTRÓNICOS
Identificador Uniforme de Recursos <a href="http://bdh-rd.bne.es/viewer.vm?id=0000091187&page=1 ">http://bdh-rd.bne.es/viewer.vm?id=0000091187&page=1 </a>
Nota pública Biblioteca Digital Hispánica
Holdings
Estatus retirado Estado de pérdida Estado de daño No para préstamo Colección Biblioteca de origen Biblioteca actual Ubicación en estantería Fecha de adquisición Fuente de adquisición Total de préstamos Signatura topográfica completa Código de barras Visto por última vez Precio de reemplazo Tipo de ítem Koha
        Colección de folletos Biblioteca del Ateneo de Madrid Biblioteca del Ateneo de Madrid Depósito folletos 17/01/2008     T-667-F-7 1042875 23/02/2023 23/02/2023 Folleto